000 00468nam a22001457a 4500
008 160211b xxu||||| |||| 00| 0 eng d
020 _a0323074032
245 _aMosby's Dictionary of Medicine, Nursing & Health Professions
_cedited by Ot'ole, Marie
250 _a9th ed.
260 _aCanada
_bEslevier
_c2013
300 _axiv, 1989p.
_bill.
650 _aMedicine
_vDictionary English
650 _aAllied Health occupations
_xDictionary English
942 _2lcc
_cREF
999 _c15664
_d15664